Statistics for Brightest Objects in the Sky

Click here to take the quiz!

General Stats

  • This quiz has been taken 8,444 times
    (7,619 since last reset)
  • The average score is 9 of 22

Answer Stats

V MagObject% Correct
-26.7Sun
98%
-12.7Moon
93%
-4.9Venus
92%
-3.0Mars
91%
-2.94Jupiter
89%
-0.24Saturn
87%
-2.6Mercury
84%
-1.46Sirius
50%
-0.27Alpha Centauri
35%
0.2Betelgeuse
33%
-4International Space Station
27%
-0.02Vega
19%
0.05Rigel
16%
-0.05Arcturus
13%
0.75Aldebaran
10%
0.34Procyon
9%
0.61Beta Centauri
9%
-0.74Canopus
8%
0.76Altair
8%
0.03Capella
7%
0.76Alpha Crucis
5%
0.40Achernar
4%

Score Distribution

Percentile by Number Answered

Percent of People with Each Score

Your Score History

You have not taken this quiz since the last reset